| Tag |
First Indicator |
Second Indicator |
Subfields |
| LEADER |
00000cam a2200000 a 4500 |
| 001 |
in00001481411 |
| 005 |
20210123063520.0 |
| 008 |
980413s1999 nyu 000 1 eng |
| 010 |
|
|
|a 98023263
|
| 020 |
|
|
|a 0375501614 (alk. paper)
|
| 035 |
|
|
|a (OCoLC)38976321
|
| 035 |
|
|
|9 AJG3170AM
|
| 040 |
|
|
|a DLC
|c DLC
|d YDX
|d CSP
|d OCL
|d TXA
|d UtOrBLW
|
| 049 |
|
|
|a TXAM
|
| 050 |
0 |
0 |
|a PS3557.R56
|b S83 1999
|
| 082 |
0 |
0 |
|a 813/.54
|2 21
|
| 100 |
1 |
|
|a Groom, Winston,
|d 1944-2020.
|
| 245 |
1 |
0 |
|a Such a pretty, pretty girl :
|b a novel /
|c Winston Groom.
|
| 250 |
|
|
|a 1st ed.
|
| 264 |
|
1 |
|a New York :
|b Random House,
|c [1999]
|
| 264 |
|
4 |
|c ©1999
|
| 300 |
|
|
|a 306 pages ;
|c 24 cm.
|
| 336 |
|
|
|a text
|b txt
|2 rdacontent
|
| 337 |
|
|
|a unmediated
|b n
|2 rdamedia
|
| 338 |
|
|
|a volume
|b nc
|2 rdacarrier
|
| 650 |
|
0 |
|a Women journalists
|v Fiction.
|
| 650 |
|
0 |
|a Television news anchors
|v Fiction.
|
| 650 |
|
0 |
|a Extortion
|v Fiction.
|
| 651 |
|
0 |
|a Los Angeles (Calif.)
|v Fiction.
|
| 651 |
|
0 |
|a New York (N.Y.)
|v Fiction.
|
| 655 |
|
7 |
|a Mystery fiction.
|2 gsafd
|
| 948 |
|
|
|a c:ce
|
| 999 |
|
|
|a MARS
|
| 999 |
f |
f |
|s 051813fa-3fb2-313c-9e41-121695205b44
|i 0d08edf4-ae85-38aa-819f-2dc7138f37e3
|t 0
|
| 952 |
f |
f |
|p ric
|a Texas A&M University
|b Rellis Campus
|c Joint Library Facility
|d Remote Storage
|t 0
|e PS3557.R56 S83 1999
|h Library of Congress classification
|i unmediated -- volume
|m A14824123924
|
| 998 |
f |
f |
|a PS3557.R56 S83 1999
|t 0
|l Remote Storage
|